| 000 | 00389nam a2200145 4500 | ||
|---|---|---|---|
| 999 |
_c9503 _d9503 |
||
| 003 | OSt | ||
| 005 | 20210630103737.0 | ||
| 008 | 210630b ||||| |||| 00| 0 eng d | ||
| 020 | _a9780500203798 | ||
| 082 |
_a745.4090403 _bJUL |
||
| 100 | _aJulier, Guy | ||
| 245 | _a The Thames & Hudson dictionary of design since 1900 | ||
| 260 |
_aLondon _bhames & Hudson world of art _c2004 |
||
| 942 | _2ddc | ||